Every Kygo Song on the Billboard Hot 100 - Statistics

General Stats
  • This quiz has been taken 49 times
    21 since last reset
  • The average score is 4 of 7
Answer Stats
# Year Song % Correct
92 2015 Firestone ft. Conrad
89%
10 2017 It Ain't Me (Selena Gomez)
79%
63 2019 Higher Love (Whitney Houston)
53%
67 2017 First Time (Ellie Goulding)
42%
63 2018 Remind Me To Forget ft. Miguel
42%
88 2020 Lose Somebody (OneRepublic)
37%
74 2018 Born To Be Yours (Imagine Dragons)
21%
No matching quizzes found
Score Distribution
Percent of People with Each Score
Percentile by Number Answered
Your Score History
You have not taken this quiz since the last reset